Southville International School and Colleges
Your cart is empty.
  • Cart
  • Lists
    Public lists Eva Luna New books Lux_list list_1
    Your lists Log in to create your own lists
  • Log in to your account
  • Your cookies
  • Search history
Southville International School and Colleges
  • Advanced search
  • Recent comments
  • Most popular
  • Libraries

Log in to your account

Log in with GOOGLE


If you do not have an external account, but do have a local account, you can still log in:

  1. Home
  2. MARC view: A big hug for little cub
Normal view MARC view ISBD view

A big hug for little cub (Record no. 365856)

[ view plain ]
MARC details
000 -LEADER
fixed length control field 00520nam a22001817a 4500
003 - CONTROL NUMBER IDENTIFIER
control field 0
005 - DATE AND TIME OF LATEST TRANSACTION
control field 20240116061634.0
008 - FIXED-LENGTH DATA ELEMENTS--GENERAL INFORMATION
fixed length control field 240116b xxu||||| |||| 00| 0 eng d
020 ## - INTERNATIONAL STANDARD BOOK NUMBER
International Standard Book Number 978-0-545-53091-0
050 ## - LIBRARY OF CONGRESS CALL NUMBER
Classification number ER
Item number Bi592 2014
082 ## - DEWEY DECIMAL CLASSIFICATION NUMBER
Classification number ER
Item number Bi592 2014
100 ## - MAIN ENTRY--PERSONAL NAME
Personal name Grover, Lorie Ann
245 ## - TITLE STATEMENT
Title A big hug for little cub
Statement of responsibility, etc Lorie Ann Grover
260 ## - PUBLICATION, DISTRIBUTION, ETC. (IMPRINT)
Place of publication, distribution, etc New York City
Name of publisher, distributor, etc Scholastic Inc.
Date of publication, distribution, etc c2014.
300 ## - PHYSICAL DESCRIPTION
Extent unpaged :
Other physical details colored illustrations ;
Dimensions 20 cm.
650 ## - SUBJECT ADDED ENTRY--TOPICAL TERM
Topical term or geographic name as entry element Childrens stories.
942 ## - ADDED ENTRY ELEMENTS (KOHA)
Source of classification or shelving scheme Dewey Decimal Classification
Koha item type Books
Holdings
Withdrawn status Lost status Source of classification or shelving scheme Damaged status Home library Current library Shelving location Date acquired Source of acquisition Sub Shelving location Total Checkouts Full call number Barcode Date last seen Price effective from Koha item type
    Dewey Decimal Classification   Munich Library Munich Library Easy Reading Section 01/16/2024 Library Fund     ER Bi592 2014 M8575 01/16/2024 01/16/2024 Books

A big hug for little cub

APA

Grover L. A., . (2014). A big hug for little cub. New York City: Scholastic Inc.

Chicago

Grover Lorie Ann, . 2014. A big hug for little cub. New York City: Scholastic Inc.

Harvard

Grover L. A., . (2014). A big hug for little cub. New York City: Scholastic Inc.

MLA

Grover Lorie Ann, . A big hug for little cub. New York City: Scholastic Inc. 2014.

  • Place hold
  • Print
  • Cite
  • Add to your cart (remove)
  • Save record
    BIBTEX Dublin Core MARCXML MARC (non-Unicode/MARC-8) MARC (Unicode/UTF-8) MARC (Unicode/UTF-8, Standard) MODS (XML) RIS
  • More searches
    Search for this title in:
    Other Libraries (WorldCat) Other Databases (Google Scholar) Online Stores (Bookfinder.com) Open Library (openlibrary.org)

Exporting to Dublin Core...

SOUTHVILLE LIBRARY

Southville International School and Colleges Library

1281 Tropical Ave. Cor. Luxembourg St., BF Homes International, Las Pinas City

Tel. No. 8256374 / 252358 Loc. 117/146

Powered by Koha